00762nam a2200217 a 4500001001000000003000400010005001700014008004100031020001500072040002500087082001900112245006000131260009300191300002100284490002300305650006700328650004000395651005300435700003300488830002300521000022285OSt20201125145028.0100921s1980 dr 000 0 spa d a8449935903 aDO-SdBNPbspacBNPHU a304.809bV648t03aLa vida en los trópicos /cprólogo Richard Kimball. aSanto Domingo :bSociedad Dominicana de Bibliófilos,bEditora de Santo Domingo,c1980. a221 p. ;c24 cm.1 aCultura dominicana 4aAmericanos en república dominicanaxVida social y costumbres 4aEtnologíazRepública Dominicana 4aRepública DominicanaxVida Social Y Costumbres1 aKimball, Richard,eprólogo 0aCultura dominicana